000 00775nam a2200217 4500
001 112828
003 ES-MaACL
005 20230906185639.0
007 t|
008 061121s1925 fr r ||||1| fre d
100 1 _aNovoak, K. F.
_986098
245 1 4 _aLes lessons de la défaite /
_cK. F. Novoak; traduction française par H. Simondet et G. Bernard.
260 _aSaint-Amand (Cher, [Francia]) :
_b[s. n.],
_c1925 (
_fImp. Bussiere)
300 _a648 p. ;
_c23 x 14 cm.
490 1 _aCollection de memoires pour servir a l'histoire du le guerre
700 1 _aSimondet, H.
_9106557
700 1 _aBernard, G.
_928235
830 0 _aCollection de memoires pour servir a l'histoire du le guerre
_9233152
852 _aES-MaACL
_jF-5468
_bR.5022
999 _c112828
_d112828